| 000 | 01151cam a2200241 4500 | ||
|---|---|---|---|
| 001 | ABS65770 | ||
| 008 | 020805n2002 000 0 eng u | ||
| 035 | _a(Sirsi) u119177 | ||
| 100 | _aBrymer, S. | ||
| 245 | _aE-conveyancing - the future here today? | ||
| 260 | _c2002 | ||
| 490 |
_aProperty Law _v(58) July 2002, 5-7(3) |
||
| 520 | _aIt has been suggested that in the near future we will have an operational system of automated registration of title to land and the process of e-conveyancing will be well under way. Explains the concept of e-conveyancing and how other jurisdictions across the world are currently developing similar programmes to Registers of Scotland's Automated Registration of Title to Land (ARTL). Describes the ARTL pilot and how solicitors now should be acquainting themselves with the concept of electronic conveyancing | ||
| 590 | _aABS | ||
| 650 | _aARTL | ||
| 650 | _aAUTOMATED LAND REGISTRATION SYSTEM | ||
| 650 | _aCONVEYANCING | ||
| 650 | _aECONVEYANCING | ||
| 650 | _aELECTRONIC REGISTRATION | ||
| 650 | _aSCOTLAND | ||
| 690 | _aMANAGEMENT-BUSINESS MANAGEMENT-INFORMATION MANAGEMENT | ||
| 942 | _n0 | ||
| 999 |
_c70895 _d70895 |
||